| 000 | 005450000a22001810004500 | ||
|---|---|---|---|
| 003 | MACL | ||
| 005 | 20160306155409.0 | ||
| 008 | 160306b xxu||||| |||| 00| 0 eng d | ||
| 040 |
_aMACL _cMACL |
||
| 041 | _aHindi | ||
| 082 | _a891.432 | ||
| 100 |
_aदयानंद वर्मा _943678 |
||
| 245 | _aजिन्दाबाद मुर्दाबाद | ||
| 260 |
_bहिन्दी बुक सेन्टर _c1971 _aदिल्ली |
||
| 350 | _a6 | ||
| 650 |
_aNovel _943679 |
||
| 942 |
_cHIN _k891.433 _2ddc |
||
| 999 |
_c26199 _d26199 |
||